| 000 | 00962nam a2200217 a 4500 | ||
|---|---|---|---|
| 001 | 000002993 | ||
| 003 | AM-YEHGA | ||
| 005 | 20250617120402.0 | ||
| 008 | 021120s1990 ru |||||||||||||||||rus d | ||
| 020 | _a5746401315 | ||
| 040 | _aAM-YeHGA | ||
| 041 | 0 | _arus | |
| 245 | 0 | 0 |
_aСовершенствование знаний преподавателей иностранных языков на ФПК : _bУчебное пособие / _cСост.: Д.Х. Бакеева. |
| 260 |
_aКазань : _bИзд-во Казан. ун-та, _c1990. |
||
| 300 |
_a144 с. ; _c20 см. |
||
| 650 | 1 | 4 |
_aВысшие учебные заведения _xПрофессорско-преподавательский состав _xПовышение квалификации |
| 650 | 1 | 4 |
_aИностранные языки _vМетодика преподавания |
| 700 | 1 |
_aБакеева, Дина Халиловна _eсост. _4com |
|
| 942 | _cBK | ||
| 090 | _c1214 | ||
| 999 |
_c1207 _d1207 |
||